00709nam a2200241 a 4500001001300000003000900013005001700022008004100039020002300080082001300103100002300116245002900139260004400168300000900212500003500221505002900256650002300285700002300308902000800331942000700339952010600346999001500452nice12345678IN_TiNIC20260116012248.0050524s1979 newa grp 000 0 eng  a051727 c10000a229bSCH aSchepps, Solomon J aLost Books of the Bible. aNew YorkbBell Publishing Companyc1979 a293p aincludes index and biblioraphy2 aGlossary of Arabic terms aApocryphal Gospels1 aSchepps, Solomon J bSRS cBK 00104070aHMIbHMId2010-10-08g100.00l1o229 SCHp012905r2019-08-02s2019-07-24w2026-01-16yEB c6291d6291